Loading...
The Blaack Pearl : a story poem on the life of Bilal Ibn Rabab
| Main Author: | |
|---|---|
| Language: | English |
| Published: |
Ernakulam
Merit books
|
| LEADER | 00457nam a22001337a 4500 | ||
|---|---|---|---|
| 008 | 130507b xxu||||| |||| 00| 0 eng d | ||
| 082 | |a 824 RAH | ||
| 100 | |a Rahman,Abdu P.T |9 1494 | ||
| 245 | |a The Blaack Pearl |b : a story poem on the life of Bilal Ibn Rabab | ||
| 260 | |a Ernakulam |b Merit books | ||
| 300 | |a 80p. | ||
| 942 | |2 ddc |c REF | ||
| 999 | |c 4080 |d 4080 | ||
| 952 | |0 0 |1 0 |2 udc |4 0 |6 824_RAH |7 0 |9 5197 |a NUALS |b NUALS |d 2010-03-31 |l 0 |o 824 RAH |p 2368 |r 2013-04-11 |t 1 |w 2013-04-11 |y VRK | ||